000 00472nam a2200193 a 4500
001 1769939802472
003 YourLibrary
005 20260201163730.0
008 260201s2009##################000#0#eng##
020 _a9788131601907
082 0 4 _a305.26
_bSAH
100 1 _aAndrews, Gavin J.,
_eauthor.
245 1 0 _aSociology of Ageing :
260 _c2009.
300 _a480 pages
650 0 _aMedical.
942 _cENGLISH
040 _aYourLibrary
_beng
_cYourLibrary
999 _c609767
_d609767